LEADER 00822nam a2200241 i 4500 001 991002957739707536 005 20020503180322.0 008 010104s1973 us ||| | eng 020 $a0030045169 035 $ab10438439-39ule_inst 035 $aEXGIL112675$9ExL 040 $aBiblioteca Interfacoltà$bita 082 0 $a813.54 100 1 $aRoth, Philip$0439176 245 14$aThe great American novel /$cPhilip Roth 260 $aNew York :$bHolt, Rinehart and Winston,$c1973 300 $a382 p. ;$c24 cm. 907 $a.b10438439$b02-04-14$c27-06-02 912 $a991002957739707536 945 $aLE002 In. III D 6$g1$i2002000922069$lle002$o-$pE0.00$q-$rl$s- $t0$u0$v0$w0$x0$y.i10509021$z27-06-02 996 $aGreat american novel$931116 997 $aUNISALENTO 998 $ale002$b01-01-01$cm$da $e-$feng$gus $h4$i1 LEADER 01770nam 2200277la 450 001 9910481545903321 005 20230503102459.0 035 $a(UK-CbPIL)2090358482 035 $a(CKB)5500000000105047 035 $a(EXLCZ)995500000000105047 100 $a20230503d1516 uy | 101 0 $alat 135 $aurcn||||a|bb| 200 10$aCla. Ptolemaei Inerrantium stellarum significationes per Nicolaum Leonicum e? graeco translatae. 12. Romanorum menses in ueteribus monimentis Romae reperti. Sex priorum mensium digesto ex sex Ouidij Fastorum libris excerpta. P. Ouidij Nasonis Fastorum lib. 6. Tristium lib. 5. De Ponto lib. 4. In Ibin. Ad Liuiam. -Venezia: eredi di Aldo Manuzio 1. e Andrea Torresano 1.] (Venetijs: in aedibus Aldi, et Andreae soceri, mense Ianuario 1516) 210 $aItaly $c[s.n.]$d1516 215 $aOnline resource ([22], 227 [i.e. 223], [1] c.) 300 $aReproduction of original in Biblioteca Nazionale Centrale di Firenze. 700 $aOvid$b 43 B.C.-17 A.D. or 18 A.D.$0154954 701 $aTomeo$b Niccolo? Leonico$f1456?-1531?.$00 701 $aPtolemy$factive 2nd century.$0190158 801 0$bUk-CbPIL 801 1$bUk-CbPIL 906 $aBOOK 912 $a9910481545903321 996 $aCla. Ptolemaei Inerrantium stellarum significationes per Nicolaum Leonicum è graeco translatae. 12. Romanorum menses in ueteribus monimentis Romae reperti. Sex priorum mensium digesto ex sex Ouidij Fastorum libris excerpta. P. Ouidij Nasonis Fastorum lib. 6. Tristium lib. 5. De Ponto lib. 4. In Ibin. Ad Liuiam. -Venezia: eredi di Aldo Manuzio 1. e Andrea Torresano 1. (Venetijs: in aedibus Aldi, et Andreae soceri, mense Ianuario 1516) (Venetijs: in aedibus Aldi, et Andreae soceri, mense Ianuario 1516)$92104005 997 $aUNINA